000 00896nam a22002775i 4500
001 12290
003 ES-MaACL
005 20250701212921.0
007 t|
008 950919s1995 sp ||||0| spa j
020 _a84-7923-043-6
040 _aM-BN
_bspa
_cM-BN
080 _a1 Marco Aurelio, Emperador de Roma
100 1 _aPastor Gómez, Jesús.
_989505
245 1 0 _aMarco Aurelio (121-180) /
_cJesús Pastor Gómez.
250 _a1ª ed.
260 _aMadrid :
_bEdiciones del Orto,
_c1995.
300 _a93 p ;
_c17 cm.
490 1 _aBiblioteca filosófica
504 _aBibliografía: p. [92]-93.
600 0 4 _aMarco Aurelio
_cEmperador de Roma-
_xCrítica e interpretación.
_976473
830 0 0 _aBiblioteca filosófica
_9179275
852 _aES-MaACL
_jL-19538
_bR.124921
_q. - Ded. autógr. del autor
852 _aES-MaACL
_jL-19539
_bR.124334
999 _c12290
_d12290